|
|
|
|
| LEADER |
01106nam a2200289 i 4500 |
| 001 |
c000136350 |
| 003 |
CARM |
| 005 |
00000000000000.0 |
| 008 |
760211s1975 enk 00110 eng |
| 015 |
|
|
|a GB***
|
| 019 |
1 |
|
|a 187254
|5 LACONCORD2021
|
| 020 |
|
|
|a 0406594856 :
|c L.12.00.
|a 0406594864
|b pbk.
|
| 035 |
|
|
|a (OCoLC)2048412
|5 LACONCORD2021
|
| 043 |
|
|
|a e-uk---
|
| 050 |
0 |
0 |
|a KD7498
|b .H4
|
| 100 |
1 |
|
|a Heydon, J. D.
|q (John Dyson),
|d 1943-
|
| 245 |
1 |
0 |
|a Cases and materials on evidence /
|c by J. D. Heydon.
|
| 260 |
|
|
|a London :
|b Butterworths,
|c 1975.
|
| 300 |
|
|
|a xxiii, 451 p. ;
|c 26 cm.
|
| 500 |
|
|
|a Includes index.
|
| 650 |
|
0 |
|a Evidence (Law)
|z Great Britain
|x Cases.
|
| 852 |
8 |
|
|b CARM
|h A2:AH32A0
|i B03809
|p 0182303
|f BK
|
| 852 |
8 |
|
|b CARM
|h A1:AL22F0
|i B10071
|p 0454480
|f BK
|
| 082 |
0 |
4 |
|a 347/.41/06
|
| 999 |
f |
f |
|i 61ed6bcb-241c-586f-9a39-754d5ed660c8
|s 8f5444eb-6619-5864-ba04-4b6fc3624b7a
|
| 952 |
f |
f |
|p Can circulate
|a CAVAL
|b CAVAL
|c CAVAL
|d CARM 1 Store
|e B10071
|f A1:AL22F0
|h Other scheme
|i book
|m 0454480
|
| 952 |
f |
f |
|p Can circulate
|a CAVAL
|b CAVAL
|c CAVAL
|d CARM 1 Store
|e B03809
|f A2:AH32A0
|h Other scheme
|i book
|m 0182303
|